[Event "Brno Open 2023 - A IM Round Robin"]
[Site "Bobycentrum hotel, Brno"]
[Date "2023.11.15"]
[Round "6"]
[Board "2"]
[White "Adarsh, Tripathi"]
[Black "Valenta, Vit Vaclav"]
[Result "1-0"]
[WhiteElo "2327"]
[BlackElo "2030"]
[PlyCount "87"]
[EventDate "2023.11.11"]
[EventRounds "9"]
[EventCountry "CZE"]

1. e4 e5 2. Nf3 Nc6 3. Bb5 a6 4. Ba4 Nf6 5. d3 d6 6. c3 Be7 7. h3 h6 8. Nbd2 b5 9.
Bc2 O-O 10. O-O Re8 11. Re1 Bf8 12. Nf1 Ne7 13. Ng3 Ng6 14. Nf5 d5 15. Qe2 Bb7 16.
Nh2 c5 17. Ng4 Re6 18. Qf3 Rc8 19. h4 Kh8 20. h5 Nxg4 21. Qxg4 Ne7 22. Ng3 Ng8 23.
f4 Nf6 24. Qh3 exf4 25. Bxf4 dxe4 26. dxe4 c4 27. e5 Bc5+ 28. Kh2 Nd5 29. Rad1 Qe7
30. Nf5 Qf8 31. Bg3 Rd8 32. Nd4 Re7 33. Nf5 Re6 34. Be4 Ree8 35. Qg4 Ba8 36. Qf3
Nb6 37. Rxd8 Rxd8 38. Rd1 Qe8 39. Bxa8 Nxa8 40. Bh4 Bb6 41. Nd6 Qf8 42. Nxf7+ Kg8
43. Rf1 Bc5 44. Nxh6+  1-0

[Event "Brno Open 2023 - A IM Round Robin"]
[Site "Bobycentrum hotel, Brno"]
[Date "2023.11.15"]
[Round "6"]
[Board "3"]
[White "Gramb, Marius"]
[Black "Vyskocil, Neklan"]
[Result "1/2-1/2"]
[WhiteElo "2226"]
[BlackElo "2299"]
[PlyCount "38"]
[EventDate "2023.11.11"]
[EventRounds "9"]
[EventCountry "CZE"]

1. e4 c5 2. Nf3 g6 3. c3 d5 4. exd5 Qxd5 5. d4 Bg7 6. Be2 cxd4 7. cxd4 Nf6 8. Nc3
Qd8 9. O-O O-O 10. Qb3 Nc6 11. Rd1 Qb6 12. Qxb6 axb6 13. Bf4 Nb4 14. Be5 Nfd5 15.
Nxd5 Nxd5 16. Bxg7 Kxg7 17. Ne5 Be6 18. a3 Rfd8 19. g3 f6  1/2-1/2

[Event "Brno Open 2023 - A IM Round Robin"]
[Site "Bobycentrum hotel, Brno"]
[Date "2023.11.15"]
[Round "6"]
[Board "4"]
[White "Flasik, Radoslav"]
[Black "Bures, Jaroslav"]
[Result "0-1"]
[WhiteElo "2032"]
[BlackElo "2421"]
[PlyCount "51"]
[EventDate "2023.11.11"]
[EventRounds "9"]
[EventCountry "CZE"]

1. d4 Nf6 2. c4 e5 3. dxe5 Ng4 4. e4 Nxe5 5. f4 Ng6 6. Nc3 Bb4 7. Nf3 Bxc3+ 8. bxc3
d6 9. c5 Qe7 10. cxd6 Qxe4+ 11. Kf2 O-O 12. dxc7 Nc6 13. Bd3 Qe7 14. Re1 Qxc7 15.
g3 Bg4 16. Be3 Rfd8 17. Qc2 Bxf3 18. Bxg6 hxg6 19. Kxf3 Nb4 20. Qe4 Nd3 21. Red1
Qxc3 22. Kg2 b6 23. Rab1 Qc2+ 24. Kg1 Qxa2 25. Bd4 Nc5 26. f5  0-1

[Event "Brno Open 2023 - A IM Round Robin"]
[Site "Bobycentrum hotel, Brno"]
[Date "2023.11.15"]
[Round "6"]
[Board "5"]
[White "Fiala, Vaclav"]
[Black "Krzywda, Andrzej"]
[Result "0-1"]
[WhiteElo "2253"]
[BlackElo "2195"]
[PlyCount "70"]
[EventDate "2023.11.11"]
[EventRounds "9"]
[EventCountry "CZE"]

1. d4 d5 2. c4 e6 3. Nc3 Nf6 4. Nf3 a6 5. Bg5 dxc4 6. a4 c5 7. e3 Nc6 8. dxc5 Qxd1+
9. Rxd1 Bxc5 10. Bxc4 Bb4 11. Bxf6 gxf6 12. O-O Bxc3 13. bxc3 Bd7 14. Be2 Rc8 15.
Nd2 Ke7 16. Nc4 Rc7 17. Rb1 Rb8 18. a5 Na7 19. Nb6 Bc6 20. Rb4 Rg8 21. g3 Rg5 22.
Rh4 Rxa5 23. Rxh7 Be4 24. Rh4 f5 25. f3 Bc6 26. Rd1 Ra2 27. Kf1 Nb5 28. Rc1 Na3 29.
Rh8 Be8 30. Bd1 Rb2 31. Na4 Bxa4 32. Bxa4 b5 33. Bd1 Nc4 34. Be2 Nxe3+ 35. Ke1 Rd7
 0-1

[Event "Brno Open 2023 - A IM Round Robin"]
[Site "Bobycentrum hotel, Brno"]
[Date "2023.11.16"]
[Round "7"]
[Board "1"]
[White "Krzywda, Andrzej"]
[Black "Del Rey, Diego"]
[Result "1-0"]
[WhiteElo "2195"]
[BlackElo "2316"]
[PlyCount "35"]
[EventDate "2023.11.11"]
[EventRounds "9"]
[EventCountry "CZE"]

1. e4 e6 2. d4 d5 3. Nc3 Be7 4. e5 c5 5. Qg4 g5 6. Qh5 cxd4 7. Nb5 Nc6 8. Nf3 h6
9. h4 gxh4 10. Bd3 a6 11. Nbxd4 Nxd4 12. Nxd4 Qb6 13. Be3 Qb4+ 14. c3 Qxb2 15. O-O
Qxc3 16. Bg6 Bc5 17. Bxf7+ Ke7 18. Qg6  1-0

[Event "Brno Open 2023 - A IM Round Robin"]
[Site "Bobycentrum hotel, Brno"]
[Date "2023.11.16"]
[Round "7"]
[Board "2"]
[White "Bures, Jaroslav"]
[Black "Fiala, Vaclav"]
[Result "1-0"]
[WhiteElo "2421"]
[BlackElo "2253"]
[PlyCount "61"]
[EventDate "2023.11.11"]
[EventRounds "9"]
[EventCountry "CZE"]

1. d4 Nf6 2. Bg5 Ne4 3. Bf4 d5 4. f3 Nf6 5. Qd2 Bf5 6. Nc3 c5 7. Nb5 Na6 8. dxc5
Nd7 9. e4 dxe4 10. c6 Ndc5 11. Nd4 Bc8 12. Bb5 bxc6 13. Bxc6+ Bd7 14. Bxa8 Qxa8 15.
Nb3 Qc6 16. Nxc5 Nxc5 17. Be3 Na4 18. O-O-O e5 19. fxe4 Be7 20. Qd5 Qc8 21. Nf3 f6
22. Rd3 a6 23. Nd2 Bb5 24. Rb3 Qd7 25. c4 Bc6 26. Rb8+ Bd8 27. Qxd7+ Kxd7 28. Kc2
Kc7 29. Ba7 Bb7 30. c5 Nxc5 31. Rxd8  1-0

[Event "Brno Open 2023 - A IM Round Robin"]
[Site "Bobycentrum hotel, Brno"]
[Date "2023.11.16"]
[Round "7"]
[Board "3"]
[White "Vyskocil, Neklan"]
[Black "Flasik, Radoslav"]
[Result "1-0"]
[WhiteElo "2299"]
[BlackElo "2032"]
[PlyCount "77"]
[EventDate "2023.11.11"]
[EventRounds "9"]
[EventCountry "CZE"]

1. e4 c5 2. Nf3 d6 3. d4 cxd4 4. Nxd4 Nf6 5. Nc3 Nc6 6. Bg5 e6 7. Bb5 Bd7 8. Bxc6
bxc6 9. Qf3 h6 10. Bh4 Qb6 11. O-O-O Rb8 12. Nb3 Nh7 13. Rhe1 g5 14. Bg3 e5 15. Bxe5
dxe5 16. Rxd7 Be7 17. Qf5 Nf8 18. Qxe5 Nxd7 19. Qxh8+ Bf8 20. Qd4 Qc7 21. a3 Rd8
22. g3 Nb6 23. Qe3 Bg7 24. e5 Kf8 25. f4 gxf4 26. gxf4 Nd5 27. Nxd5 Rxd5 28. Rg1
h5 29. c4 Rd8 30. Qc5+ Kg8 31. f5 Kh7 32. f6 Bh6+ 33. Kb1 Qd7 34. Ka2 Rb8 35. Qd6
Qe8 36. Qd3+ Kh8 37. Qf5 Qe6 38. Qxh5 Kh7 39. Rg7+  1-0

[Event "Brno Open 2023 - A IM Round Robin"]
[Site "Bobycentrum hotel, Brno"]
[Date "2023.11.16"]
[Round "7"]
[Board "4"]
[White "Valenta, Vit Vaclav"]
[Black "Gramb, Marius"]
[Result "0-1"]
[WhiteElo "2030"]
[BlackElo "2226"]
[PlyCount "84"]
[EventDate "2023.11.11"]
[EventRounds "9"]
[EventCountry "CZE"]

1. b4 e5 2. Bb2 Bxb4 3. Bxe5 Nf6 4. Nf3 O-O 5. g3 d5 6. Bg2 c5 7. Bb2 Nc6 8. O-O
Re8 9. e3 Bg4 10. h3 Bh5 11. d3 d4 12. e4 Ba5 13. Nbd2 Bc7 14. a4 Nd7 15. Qc1 f6
16. Nh4 Bf7 17. Nf5 Nb4 18. Nf3 a5 19. N3h4 Nf8 20. Qd2 Ng6 21. Rfd1 Nxh4 22. Nxh4
Qd7 23. f4 Be6 24. Kh2 Kh8 25. Nf3 Rad8 26. Ra3 Qf7 27. Rf1 b6 28. Qf2 Qh5 29. Nh4
Bd7 30. Bf3 Qf7 31. Ng2 Rf8 32. Qe2 Qe8 33. Rfa1 Bc6 34. Bc1 f5 35. Nh4 fxe4 36.
dxe4 Rd7 37. e5 Re7 38. Be4 Bxe4 39. Qxe4 Bxe5 40. Nf5 Re6 41. fxe5 Rxe5 42. Nxg7
Rxe4  0-1

[Event "Brno Open 2023 - A IM Round Robin"]
[Site "Bobycentrum hotel, Brno"]
[Date "2023.11.17"]
[Round "8"]
[Board "2"]
[White "Gramb, Marius"]
[Black "Nguyen, Alex Dac-Vuong"]
[Result "1/2-1/2"]
[WhiteElo "2226"]
[BlackElo "2337"]
[PlyCount "25"]
[EventDate "2023.11.11"]
[EventRounds "9"]
[EventCountry "CZE"]

1. c4 c5 2. g3 Nf6 3. Bg2 d5 4. cxd5 Nxd5 5. Nf3 Nc6 6. Nc3 Nc7 7. a3 g6 8. h4 h5
9. Na4 Ne6 10. b4 Bg7 11. Bb2 Bxb2 12. Nxb2 O-O 13. bxc5  1/2-1/2

[Event "Brno Open 2023 - A IM Round Robin"]
[Site "Bobycentrum hotel, Brno"]
[Date "2023.11.17"]
[Round "8"]
[Board "3"]
[White "Flasik, Radoslav"]
[Black "Valenta, Vit Vaclav"]
[Result "0-1"]
[WhiteElo "2032"]
[BlackElo "2030"]
[PlyCount "80"]
[EventDate "2023.11.11"]
[EventRounds "9"]
[EventCountry "CZE"]

1. d4 Nf6 2. c4 b6 3. Nc3 Bb7 4. d5 e5 5. a3 a5 6. e4 g6 7. Be3 Na6 8. Bd3 Bg7 9.
f3 Nh5 10. Nge2 Bf6 11. Qd2 Nc5 12. Bc2 Qe7 13. O-O Qd8 14. b4 axb4 15. axb4 Na6
16. Na4 d6 17. Rab1 Bc8 18. g4 Ng7 19. c5 bxc5 20. bxc5 dxc5 21. Nxc5 Nxc5 22. Bxc5
Be7 23. Bf2 O-O 24. Bg3 Bd6 25. Bd3 f5 26. h3 fxe4 27. Bxe4 Qe7 28. Kg2 Ba6 29. Rh1
Bc4 30. Rb2 Ra3 31. h4 Rfa8 32. Rc1 Ba6 33. Qh6 Ne8 34. h5 Qg7 35. g5 Qxh6 36. gxh6
Nf6 37. hxg6 Nxe4 38. gxh7+ Kxh7 39. fxe4 Bxe2 40. Rxe2 Rg8  0-1

[Event "Brno Open 2023 - A IM Round Robin"]
[Site "Bobycentrum hotel, Brno"]
[Date "2023.11.17"]
[Round "8"]
[Board "4"]
[White "Fiala, Vaclav"]
[Black "Vyskocil, Neklan"]
[Result "1/2-1/2"]
[WhiteElo "2253"]
[BlackElo "2299"]
[PlyCount "95"]
[EventDate "2023.11.11"]
[EventRounds "9"]
[EventCountry "CZE"]

1. e4 c5 2. Nf3 Nc6 3. c3 d5 4. exd5 Qxd5 5. d4 Nf6 6. Be2 e6 7. Be3 cxd4 8. cxd4
Be7 9. Nc3 Qd6 10. O-O O-O 11. Qd2 b6 12. Ne5 Bb7 13. Bf3 Nd5 14. Nxd5 exd5 15. Bf4
Qd8 16. Rac1 Rc8 17. Bg4 Rc7 18. Nxc6 Rxc6 19. Rxc6 Bxc6 20. Rc1 Bd7 21. Bf3 Be6
22. Rc7 a5 23. Qc3 Bd6 24. Bxd6 Qxd6 25. Rc6 Qb8 26. h3 Rd8 27. b4 Bd7 28. Rc7 axb4
29. Qc1 Be6 30. Qc6 h6 31. Rb7 Qf4 32. Qc7 Qxc7 33. Rxc7 Ra8 34. Rc2 Kf8 35. Rb2
Ke7 36. Kf1 Kd7 37. Ke1 Kc6 38. Rc2+ Kb5 39. Be2+ Ka4 40. Rc6 Rb8 41. Bd1+ Kb5 42.
Rc7 Ra8 43. Bb3 Rc8 44. Rxc8 Bxc8 45. Bxd5 f6 46. Bb3 Bf5 47. Kd2 g5 48. Ke3  1/2-1/2

[Event "Brno Open 2023 - A IM Round Robin"]
[Site "Bobycentrum hotel, Brno"]
[Date "2023.11.17"]
[Round "8"]
[Board "5"]
[White "Krzywda, Andrzej"]
[Black "Bures, Jaroslav"]
[Result "1/2-1/2"]
[WhiteElo "2195"]
[BlackElo "2421"]
[PlyCount "119"]
[EventDate "2023.11.11"]
[EventRounds "9"]
[EventCountry "CZE"]

1. e4 c5 2. Nf3 Nc6 3. d4 cxd4 4. Nxd4 Nf6 5. Nc3 d6 6. Bg5 e6 7. Qd2 a6 8. O-O-O
Be7 9. Bxf6 gxf6 10. f4 Nxd4 11. Qxd4 b5 12. f5 Qc7 13. Be2 Qc5 14. Qd3 b4 15. Na4
Qa5 16. b3 Bd7 17. Kb1 Bb5 18. Qe3 Bxa4 19. bxa4 Rc8 20. Qa7 Qxa4 21. Rd2 Qd7 22.
Qe3 Qc6 23. fxe6 fxe6 24. Qh3 Kd7 25. Bg4 Qc4 26. Rc1 h5 27. Be2 Qxe4 28. Bxa6 Rc3
29. Bd3 Qd5 30. Re1 Ra8 31. Bb5+ Kd8 32. Qxe6 Qxe6 33. Rxe6 Rc5 34. Be2 Kd7 35. Re4
Rca5 36. Rxb4 Rxa2 37. Rb7+ Kd8 38. Bc4 R2a7 39. Rb5 Ra5 40. Rb7 Re5 41. Bd5 Kc8
42. Rxe7 Rb8+ 43. Rb7 Rxb7+ 44. Bxb7+ Kxb7 45. Rxd6 Re2 46. Rd7+ Kc6 47. Rg7 Kd5
48. Kc1 Ke6 49. Kd1 Rf2 50. Rg3 Kf7 51. h3 h4 52. Rg4 f5 53. Rg5 Kf6 54. Rg8 Kf7
55. Rg5 Kf6 56. Rg8 Kf7 57. Rh8 Rxg2 58. Rxh4 Kf6 59. Rc4 Rh2 60. Rc3  1/2-1/2

[Event "Brno Open 2023 - A IM Round Robin"]
[Site "Bobycentrum hotel, Brno"]
[Date "2023.11.18"]
[Round "9"]
[Board "2"]
[White "Vyskocil, Neklan"]
[Black "Krzywda, Andrzej"]
[Result "1/2-1/2"]
[WhiteElo "2299"]
[BlackElo "2195"]
[PlyCount "94"]
[EventDate "2023.11.11"]
[EventRounds "9"]
[EventCountry "CZE"]

1. e4 e5 2. Nf3 Nf6 3. d4 Nxe4 4. dxe5 d5 5. Nbd2 Qd7 6. Bd3 Nc5 7. Be2 Ne6 8. Nf1
Be7 9. Ng3 O-O 10. O-O c5 11. Nf5 Rd8 12. Qxd5 Nf4 13. Nxe7+ Qxe7 14. Qe4 Nxe2+ 15.
Qxe2 Bg4 16. Bf4 Nc6 17. c3 Qe6 18. h3 Bh5 19. Qe3 h6 20. b3 Ne7 21. Nh2 b6 22. Rfe1
Rd7 23. g4 Bg6 24. Rad1 Rad8 25. Rxd7 Rxd7 26. Qf3 Bd3 27. Nf1 Ba6 28. Ne3 Bb7 29.
Qe2 Ng6 30. Bg3 Nxe5 31. Bxe5 Qxe5 32. Nf5 Qd5 33. f3 Qxf3 34. Qxf3 Bxf3 35. Kf2
Bb7 36. Re8+ Kh7 37. Ke2 g6 38. Ne3 Kg7 39. h4 Bc6 40. Rc8 Be4 41. b4 cxb4 42. cxb4
Rd4 43. a3 a5 44. bxa5 bxa5 45. Rc5 a4 46. Rc7 Kf8 47. Ra7 Bc6  1/2-1/2

[Event "Brno Open 2023 - A IM Round Robin"]
[Site "Bobycentrum hotel, Brno"]
[Date "2023.11.18"]
[Round "9"]
[Board "3"]
[White "Valenta, Vit Vaclav"]
[Black "Fiala, Vaclav"]
[Result "1/2-1/2"]
[WhiteElo "2030"]
[BlackElo "2253"]
[PlyCount "32"]
[EventDate "2023.11.11"]
[EventRounds "9"]
[EventCountry "CZE"]

1. e4 c5 2. Ne2 d6 3. g3 Nc6 4. Bg2 g6 5. O-O Bg7 6. c3 e5 7. d3 Bg4 8. h3 Be6 9.
Be3 Qd7 10. Kh2 h5 11. Na3 h4 12. g4 f5 13. exf5 gxf5 14. gxf5 Bxf5 15. d4 cxd4 16.
cxd4 Nge7  1/2-1/2

[Event "Brno Open 2023 - A IM Round Robin"]
[Site "Bobycentrum hotel, Brno"]
[Date "2023.11.18"]
[Round "9"]
[Board "4"]
[White "Nguyen, Alex Dac-Vuong"]
[Black "Flasik, Radoslav"]
[Result "1/2-1/2"]
[WhiteElo "2337"]
[BlackElo "2032"]
[PlyCount "68"]
[EventDate "2023.11.11"]
[EventRounds "9"]
[EventCountry "CZE"]

1. e4 c5 2. Nf3 d6 3. d4 cxd4 4. Nxd4 Nf6 5. f3 Nc6 6. c4 e6 7. Nc3 Be7 8. Be2 O-O
9. Nc2 d5 10. cxd5 exd5 11. exd5 Nb4 12. Ne3 Bc5 13. a3 Bxe3 14. Bxe3 Nbxd5 15. Bf2
Nxc3 16. Qxd8 Rxd8 17. bxc3 Bf5 18. Bd4 Rac8 19. Kf2 Nd5 20. Rhd1 h6 21. c4 Nf4 22.
Bf1 Bc2 23. Rd2 Ne6 24. Be3 Rxd2+ 25. Bxd2 Nc5 26. Be3 b6 27. Rc1 Bf5 28. g4 Be6
29. h4 Rd8 30. Kg3 Nb3 31. Rc3 Nd2 32. Bxd2 Rxd2 33. c5 bxc5 34. Rxc5 Rd5  1/2-1/2

[Event "Brno Open 2023 - A IM Round Robin"]
[Site "Bobycentrum hotel, Brno"]
[Date "2023.11.18"]
[Round "9"]
[Board "5"]
[White "Adarsh, Tripathi"]
[Black "Gramb, Marius"]
[Result "1-0"]
[WhiteElo "2327"]
[BlackElo "2226"]
[PlyCount "55"]
[EventDate "2023.11.11"]
[EventRounds "9"]
[EventCountry "CZE"]

1. d4 Nf6 2. Bf4 d5 3. Nc3 c5 4. e3 cxd4 5. exd4 a6 6. Nf3 Nc6 7. Ne5 g6 8. h4 h5
9. Qd2 Bf5 10. f3 Bg7 11. Be2 Qb6 12. Nxc6 Qxc6 13. Rc1 Rc8 14. Nd1 Qa4 15. Ne3 Be6
16. a3 Nd7 17. c3 b5 18. O-O Nb6 19. Bd3 Nc4 20. Qe2 Rc6 21. Bg5 Nxe3 22. Qxe3 Qa5
23. Rce1 Qc7 24. Re2 O-O 25. Rfe1 Qd7 26. Bh6 Rb8 27. Bxg7 Kxg7 28. Qe5+  1-0

[Event "Brno Open 2023 - B FIDE open"]
[Site "Bobycentrum hotel, Brno"]
[Date "2023.11.11"]
[Round "1"]
[Board "1"]
[White "Johnson, Joshua"]
[Black "Mykhailets, Polina"]
[Result "1-0"]
[WhiteElo "2337"]
[BlackElo "1678"]
[PlyCount "45"]
[EventDate "2023.11.11"]
[EventRounds "9"]
[EventCountry "CZE"]

1. e4 e6 2. d4 d5 3. e5 c5 4. c3 Qb6 5. Nf3 Nc6 6. Be2 cxd4 7. cxd4 Nh6 8. Nc3 Nf5
9. Na4 Qa5+ 10. Bd2 Bb4 11. Nc3 Nfxd4 12. Nxd4 Nxd4 13. Bd3 Nc6 14. a3 Be7 15. O-O
Bd7 16. f4 Qb6+ 17. Kh1 h5 18. b4 g5 19. b5 Nd4 20. Be3 Bc5 21. Na4 Qc7 22. Rc1 b6
23. Bxd4  1-0

[Event "Brno Open 2023 - B FIDE open"]
[Site "Bobycentrum hotel, Brno"]
[Date "2023.11.11"]
[Round "1"]
[Board "3"]
[White "Biliy, Vadim"]
[Black "Syzdyk, Samir"]
[Result "0-1"]
[WhiteElo "2331"]
[BlackElo "1639"]
[PlyCount "86"]
[EventDate "2023.11.11"]
[EventRounds "9"]
[EventCountry "CZE"]

1. d4 Nf6 2. Nf3 e6 3. e3 b6 4. Be2 Bb7 5. O-O Be7 6. c4 O-O 7. Nc3 d5 8. b3 c5 9.
dxc5 bxc5 10. cxd5 exd5 11. Bb2 Nbd7 12. Rc1 Rc8 13. Rc2 Nb6 14. Rd2 a6 15. Qa1 Qc7
16. Rfd1 Rfd8 17. Nh4 Bf8 18. Bf3 Ne4 19. Nxe4 dxe4 20. Be5 Qe7 21. Nf5 Qg5 22. Rxd8
exf3 23. Rxf8+ Rxf8 24. Ng3 fxg2 25. e4 f6 26. Bc7 Nc8 27. Rd7 Bc6 28. Rd3 Re8 29.
Qc3 h5 30. Qc4+ Kh7 31. Re3 Ne7 32. Bd6 Ng6 33. Qxc5 Qxc5 34. Bxc5 h4 35. Nf5 Rxe4
36. h3 Nf4 37. Kh2 Ne2 38. Rxe2 Rxe2 39. Nxh4 Rxa2 40. b4 Rc2 41. Nxg2 a5 42. Ne1
Rc4 43. Nd3 axb4  0-1

[Event "Brno Open 2023 - B FIDE open"]
[Site "Bobycentrum hotel, Brno"]
[Date "2023.11.11"]
[Round "1"]
[Board "4"]
[White "Lyanguzova, Alina"]
[Black "Wu, Yixing"]
[Result "0-1"]
[WhiteElo "1635"]
[BlackElo "2307"]
[PlyCount "54"]
[EventDate "2023.11.11"]
[EventRounds "9"]
[EventCountry "CZE"]

1. d4 d6 2. c4 e5 3. dxe5 dxe5 4. Qxd8+ Kxd8 5. Nc3 c6 6. Nf3 f6 7. a3 Be6 8. e4
Nd7 9. Be3 h5 10. O-O-O h4 11. h3 Kc7 12. Be2 a5 13. Nd2 Bc5 14. Nf1 Bxe3+ 15. Nxe3
Nh6 16. Bg4 Nxg4 17. hxg4 a4 18. Nb1 g5 19. Nd2 Nc5 20. Kc2 Rad8 21. f3 Rd3 22. Nf5
Rhd8 23. g3 Bxf5 24. exf5 hxg3 25. Rhg1 Nb3 26. Ne4 Rxd1 27. Rxd1 Rxd1  0-1

[Event "Brno Open 2023 - B FIDE open"]
[Site "Bobycentrum hotel, Brno"]
[Date "2023.11.11"]
[Round "1"]
[Board "5"]
[White "Husek, Martin"]
[Black "Osypova, Alona"]
[Result "1-0"]
[WhiteElo "2245"]
[BlackElo "1635"]
[PlyCount "59"]
[EventDate "2023.11.11"]
[EventRounds "9"]
[EventCountry "CZE"]

1. d4 Nf6 2. c4 e6 3. Nc3 d5 4. cxd5 exd5 5. Bg5 Be7 6. e3 O-O 7. Bd3 h6 8. Bh4 Nbd7
9. Nge2 Re8 10. O-O Nf8 11. Qc2 Ne6 12. Rad1 c6 13. f3 b6 14. Bf2 Bb7 15. h3 Rc8
16. e4 a6 17. e5 Nd7 18. f4 c5 19. dxc5 Bxc5 20. Qd2 b5 21. Bb1 Nb6 22. Bxc5 Nxc5
23. b4 Ne4 24. Nxe4 dxe4 25. Qe1 Qe7 26. Ng3 Red8 27. Nf5 Qf8 28. Nd6 Rc7 29. Nxb7
Rxb7 30. Qxe4  1-0

[Event "Brno Open 2023 - B FIDE open"]
[Site "Bobycentrum hotel, Brno"]
[Date "2023.11.11"]
[Round "1"]
[Board "6"]
[White "Sonnberger, Norbert"]
[Black "Cupid, Kevin"]
[Result "0-1"]
[WhiteElo "1633"]
[BlackElo "2186"]
[PlyCount "48"]
[EventDate "2023.11.11"]
[EventRounds "9"]
[EventCountry "CZE"]

1. d4 Nf6 2. Nc3 d5 3. Bf4 Bf5 4. f3 e6 5. g4 Bg6 6. h4 h5 7. g5 Nfd7 8. e3 a6 9.
Bd3 Bxd3 10. Qxd3 c5 11. Nge2 Nc6 12. a3 Nb6 13. g6 f6 14. Kf2 cxd4 15. exd4 Bd6
16. Rae1 Qd7 17. Bxd6 Qxd6 18. b3 O-O-O 19. Na4 Nxa4 20. bxa4 e5 21. Qf5+ Kb8 22.
Rb1 Rhe8 23. Qxh5 exd4 24. Qg4 Qc5  0-1

[Event "Brno Open 2023 - B FIDE open"]
[Site "Bobycentrum hotel, Brno"]
[Date "2023.11.11"]
[Round "1"]
[Board "7"]
[White "Baklanova, Tatiana"]
[Black "Bondarenko, Vova"]
[Result "1-0"]
[WhiteElo "2147"]
[BlackElo "1629"]
[PlyCount "65"]
[EventDate "2023.11.11"]
[EventRounds "9"]
[EventCountry "CZE"]

1. d4 Nf6 2. c4 d6 3. Nc3 g6 4. e4 Bg7 5. f3 O-O 6. Bg5 e5 7. dxe5 dxe5 8. Qxd8 Rxd8
9. Nd5 Nxd5 10. Bxd8 Ne3 11. Kf2 Nxf1 12. Rxf1 c5 13. Bg5 Be6 14. b3 Nc6 15. Ne2
a5 16. Nc3 f5 17. Rd1 f4 18. Ke2 h6 19. Bh4 g5 20. Bf2 Nd4+ 21. Kd3 Rd8 22. Nd5 Bf8
23. h4 gxh4 24. Bxh4 Rd6 25. Rd2 a4 26. bxa4 Ra6 27. Rb1 Rxa4 28. Rxb7 Bxd5 29. cxd5
c4+ 30. Kc3 Ra5 31. Rdb2 Ra3+ 32. Kxc4 Bd6 33. Be7  1-0

[Event "Brno Open 2023 - B FIDE open"]
[Site "Bobycentrum hotel, Brno"]
[Date "2023.11.11"]
[Round "1"]
[Board "9"]
[White "Steadman, Michael V R"]
[Black "Komarek, Tobias"]
[Result "1-0"]
[WhiteElo "2127"]
[BlackElo "1602"]
[PlyCount "119"]
[EventDate "2023.11.11"]
[EventRounds "9"]
[EventCountry "CZE"]

1. b4 d5 2. Bb2 Nf6 3. Nf3 Bf5 4. d3 e6 5. a3 Nbd7 6. Nbd2 c5 7. bxc5 Bxc5 8. e3
O-O 9. Be2 Rc8 10. Nh4 Bg6 11. O-O e5 12. Nxg6 hxg6 13. Nf3 Qb6 14. Rb1 Qc7 15. g3
Bd6 16. c3 Nc5 17. a4 Qa5 18. Ra1 e4 19. Nd4 Be5 20. f3 Bxd4 21. cxd4 exd3 22. Bxd3
Nxd3 23. Qxd3 Rfe8 24. Rfe1 Qb4 25. Re2 b6 26. Kf2 Rc4 27. Ra2 Qa5 28. Qd1 b5 29.
Bc1 Qc7 30. Bd2 b4 31. a5 Rb8 32. Qb3 Rb5 33. Ra4 Qb7 34. Be1 Ne8 35. Rb2 Nc7 36.
Qd3 Na6 37. Qb1 Qb8 38. Bd2 Qc7 39. Rba2 b3 40. R2a3 b2 41. Rxc4 dxc4 42. Kg2 Qb7
43. Bc3 Nc7 44. e4 Ne6 45. Ra2 Nc7 46. d5 Rb3 47. Rxb2 Rxb2+ 48. Qxb2 Qxb2+ 49. Bxb2
Nb5 50. Kf2 c3 51. Bc1 Nd4 52. Ke1 Kf8 53. Kd1 Ke7 54. a6 Nxf3 55. Be3 Kd7 56. Bxa7
Kc7 57. Kc2 Ng5 58. e5 Nf3 59. e6 fxe6 60. dxe6  1-0

[Event "Brno Open 2023 - B FIDE open"]
[Site "Bobycentrum hotel, Brno"]
[Date "2023.11.11"]
[Round "1"]
[Board "10"]
[White "Nespor, Ivan"]
[Black "Tikovsky, Alexandr"]
[Result "0-1"]
[WhiteElo "1589"]
[BlackElo "2100"]
[PlyCount "68"]
[EventDate "2023.11.11"]
[EventRounds "9"]
[EventCountry "CZE"]

1. e4 g6 2. d4 Bg7 3. c4 d6 4. Nc3 Nd7 5. Nf3 e5 6. Be3 Ngf6 7. h3 O-O 8. Be2 exd4
9. Bxd4 Re8 10. Qc2 Qe7 11. O-O Nxe4 12. Nd5 Qd8 13. Bxg7 Kxg7 14. b4 c6 15. Ne3
Kg8 16. Bd3 Ng5 17. Nxg5 Qxg5 18. f4 Qh4 19. Rae1 Nf6 20. f5 Qd4 21. fxg6 Rxe3 22.
gxf7+ Kf8 23. Kh1 Bxh3 24. Rxe3 Qxe3 25. Rxf6 Bg4 26. Rf1 Rd8 27. Bf5 Qh6+ 28. Kg1
Qe3+ 29. Qf2 Qxf2+ 30. Rxf2 Bxf5 31. Rxf5 Rd7 32. Rf6 d5 33. cxd5 cxd5 34. Kf2 Rxf7
 0-1

[Event "Brno Open 2023 - B FIDE open"]
[Site "Bobycentrum hotel, Brno"]
[Date "2023.11.11"]
[Round "1"]
[Board "11"]
[White "Meszaros, Ludek"]
[Black "Stara, Zuzana"]
[Result "1-0"]
[WhiteElo "2083"]
[BlackElo "1581"]
[PlyCount "125"]
[EventDate "2023.11.11"]
[EventRounds "9"]
[EventCountry "CZE"]

1. d4 d5 2. Nf3 Nf6 3. c4 e6 4. Nc3 Bb4 5. Bg5 h6 6. Bh4 O-O 7. e3 Nbd7 8. Rc1 b6
9. cxd5 exd5 10. Bb5 Be7 11. Bc6 Rb8 12. O-O Bb7 13. Qa4 Bxc6 14. Qxc6 b5 15. Bg3
Rb6 16. Qxc7 Qxc7 17. Bxc7 Rb7 18. Be5 a6 19. Rfd1 Nb6 20. h3 Nfd7 21. Bg3 Ra7 22.
Ne5 Nxe5 23. Bxe5 Rd7 24. Ne2 Bd6 25. Bxd6 Rxd6 26. b3 Rfd8 27. Nf4 Kf8 28. Nd3 Nd7
29. Rc7 Ke8 30. Rdc1 Rb8 31. f4 Kd8 32. Ne5 Nxe5 33. fxe5 Rd7 34. Rxd7+ Kxd7 35.
Rc5 Ke6 36. Kf2 Rb6 37. Kf3 f5 38. exf6 gxf6 39. e4 dxe4+ 40. Kxe4 Rd6 41. g4 Kf7
42. d5 Kg6 43. Rc6 Rd8 44. Rxa6 Kg5 45. Kd4 Rd7 46. Kc5 Rd8 47. Rd6 Ra8 48. Re6 Rxa2
49. d6 Rd2 50. Kxb5 Kg6 51. Kc6 Rc2+ 52. Kd7 Kf7 53. Re7+ Kf8 54. Ke6 Re2+ 55. Kd7
Rh2 56. Re3 Rd2 57. Rf3 Kg7 58. Ke7 Re2+ 59. Kd8 Rd2 60. d7 Rd4 61. Rc3 Kf7 62. Kc7
Ke7 63. Re3+  1-0

[Event "Brno Open 2023 - B FIDE open"]
[Site "Bobycentrum hotel, Brno"]
[Date "2023.11.11"]
[Round "1"]
[Board "12"]
[White "Glacner, Karel"]
[Black "Slepov, Cyril"]
[Result "0-1"]
[WhiteElo "1569"]
[BlackElo "2078"]
[PlyCount "50"]
[EventDate "2023.11.11"]
[EventRounds "9"]
[EventCountry "CZE"]

1. e4 c5 2. f4 g6 3. Bc4 Bg7 4. c3 Nc6 5. g4 e6 6. Nf3 d5 7. exd5 exd5 8. Qe2+ Nge7
9. Bb5 Bxg4 10. Bxc6+ bxc6 11. d3 O-O 12. Qg2 Bf5 13. O-O Bxd3 14. Rd1 c4 15. Be3
Nf5 16. Bd4 Nxd4 17. cxd4 Re8 18. Nc3 c5 19. Ne5 cxd4 20. Nxd3 dxc3 21. Ne5 Qb6+
22. Kh1 cxb2 23. Rab1 c3 24. Qxd5 Bxe5 25. fxe5 Rad8  0-1